| 000 | 00788nam a2200253Ia 4500 | ||
|---|---|---|---|
| 003 | OSt | ||
| 005 | 20220918171250.0 | ||
| 006 | a|||||r|||| 00| 0 | ||
| 007 | ta | ||
| 008 | 220917b |||||||| |||| 00| 0 eng d | ||
| 020 |
_a9781446247433 (pbk) _c2528.15 |
||
| 024 | _a284,688 | ||
| 037 |
_bCBS/385, 24/03/2015, Classic Book Service _cTextual |
||
| 040 |
_aARTS _cARTS _beng |
||
| 041 |
_2eng _aeng |
||
| 082 | _aW94, Q2 | ||
| 100 |
_aCoakley John _935196 |
||
| 245 | 0 |
_aNationalism, ethnicity and the state _b Making and breaking nations |
|
| 260 |
_aLos Angeles _b Sage U.S.A _c2012 |
||
| 300 |
_axi, 308p. _ccm. |
||
| 650 | _aPOLITICAL SCIENCE | ||
| 942 |
_hW94, Q2 _cTEXL _2CC |
||
| 999 |
_c138651 _d138651 |
||